Anerkannte Länder, nicht anerkannte Länder und Territorien der Welt 2 - Statistiken

Allgemein
  • Dieses Quiz wurde 75 mal gespielt
  • Das Durchschnittsergebnis liegt bei 187 aus 448
Antworten auf der Karte
Die Antworten werden auf der Karte rot bzw. grün angezeigt, abhängig davon wie oft sie richtig erraten wurden.
 
Antwortstatistiken
Hint Hint Land % Korrekt
153 129 USA
87%
143 66 Kanada
85%
151 182 Mexiko
76%
Mexiko-Stadt
76%
341 43 Island
70%
386 105 Frankreich
67%
363 82.5 Irland
67%
577 52 Russland
67%
266 294 Brasilien
65%
218 384 Chile
65%
437 52 Finnland
65%
414.3 60.5 Schweden
65%
391 91 Belgien
63%
289 19 Grönland
63%
416.4 124.2 Italien
63%
206 190.2 Kuba
63%
Luxemburg
63%
401.7 57 Norwegen
63%
208 292 Peru
63%
361.7 127.6 Portugal
63%
398.4 103.5 Schweiz
63%
234 373 Argentinien
61%
209 180.9 Bahamas
61%
404 89.9 Deutschland
61%
439 64.8 Estland
61%
693.3 140 Japan
61%
216.3 247.5 Kolumbien
61%
438 70.6 Lettland
61%
394.3 94.2 Luxemburg
61%
393 86.9 Niederlande
61%
198 232.5 Panama
61%
Panama-Stadt
61%
423.6 87.1 Polen
61%
436.7 107.1 Rumänien
61%
372 127.5 Spanien
61%
460.3 130.6 Türkei
61%
424.4 103.1 Ungarn
61%
246.5 217 Barbados
59%
443.4 81.2 Belarus
59%
236 319 Bolivien
59%
615 140.9 China
59%
401.5 73.5 Dänemark
59%
204 265.5 Ecuador
59%
430 129 Griechenland
59%
177.4 210 Guatemala
59%
Guatemala-Stadt
59%
556 185.9 Indien
59%
478.8 149.9 Irak
59%
418 108 Kroatien
59%
434.3 76.3 Litauen
59%
412.9 141.1 Malta
59%
614.2 104.1 Mongolei
59%
248.9 339.7 Paraguay
59%
423 98 Slowakei
59%
669 139 Südkorea
59%
450.6 96 Ukraine
59%
232 235 Venezuela
59%
447 171.3 Ägypten
57%
425.5 124 Albanien
57%
480.5 125 Armenien
57%
683 342 Australien
57%
218 196 Haiti
57%
184.5 210.7 Honduras
57%
501.3 152.5 Iran
57%
459 157 Israel
57%
533 100 Kasachstan
57%
397.2 114.5 Monaco
57%
665.7 127 Nordkorea
57%
414.2 100.9 Österreich
57%
413 106.5 Slowenien
57%
608 207.9 Thailand
57%
414 93.8 Tschechien
57%
Vatikanstadt
57%
624.3 219.9 Vietnam
57%
454.7 144.2 Zypern
57%
384 118.7 Andorra
54%
583 181.8 Bangladesch
54%
180.9 203.6 Belize
54%
234.7 152.7 Bermuda
54%
437.8 117.9 Bulgarien
54%
364.7 52.8 Färöer
54%
476.8 119.7 Georgien
54%
248 242 Guyana
54%
206 200.2 Jamaika
54%
486 324.3 Madagaskar
54%
366.6 153.5 Marokko
54%
188.2 218.1 Nicaragua
54%
403.3 203.9 Niger
54%
398 230.8 Nigeria
54%
703.7 282.4 Papua-Neuguinea
54%
657 220.6 Philippinen
54%
408.5 113.9 San Marino
54%
482.1 179.9 Saudi-Arabien
54%
562 235.3 Sri Lanka
54%
254.4 248.1 Surinam
54%
254.9 370.2 Uruguay
54%
528 149.2 Afghanistan
52%
384.2 167.2 Algerien
52%
420 301.2 Angola
52%
487.6 125 Aserbaidschan
52%
421 113 Bosnien und Herzegowina
52%
192 228 Costa Rica
52%
433 267.2 Demokratische Republik Kongo
52%
221 197 Dominikanische Republik
52%
180.4 215 El Salvador
52%
377 86 Großbritannien
52%
635.5 264 Indonesien
52%
495.7 176.2 Katar
52%
465.8 259.9 Kenia
52%
427.5 118.5 Kosovo
52%
Malé
52%
545.9 248.9 Malediven
52%
444.4 102 Moldawien
52%
597 188.5 Myanmar
52%
569.8 166.5 Nepal
52%
776.7 391.9 Neuseeland
52%
429.5 121.7 Nordmazedonien
52%
535.7 164.2 Pakistan
52%
São Tomé
52%
427.6 113 Serbien
52%
487 242 Somalia
52%
431 365 Südafrika
52%
467 143 Syrien
52%
401 148 Tunesien
52%
502 182.5 Vereinigte Arabische Emirate
52%
584.1 169.4 Bhutan
50%
242.4 209.5 Dominica
50%
488.3 208.2 Jemen
50%
462.3 158.9 Jordanien
50%
616 219.1 Kambodscha
50%
21 272 Kiribati
50%
487 162.9 Kuwait
50%
Kuwait-Stadt
50%
610.3 194.9 Laos
50%
461.7 146.8 Libanon
50%
419.3 172.9 Libyen
50%
402 103.1 Liechtenstein
50%
610.3 247.2 Malaysia
50%
423.7 117.8 Montenegro
50%
509.33 187.2 Oman
50%
664.3 290.8 Osttimor
50%
506.5 276 Seychellen
50%
614.2 256.7 Singapur
50%
242.5 226.6 Trinidad und Tobago
50%
453.1 256.6 Uganda
50%
427.6 239 Zentralafrikanische Republik
50%
470 234.2 Äthiopien
48%
494.3 174 Bahrain
48%
Dschibuti
48%
451.3 350.1 Eswatini
48%
261 248 Französisch- Guyana
48%
344 216 Gambia
48%
378.2 234.5 Ghana
48%
241.6 220.6 Grenada
48%
444 360.5 Lesotho
48%
377 202.2 Mali
48%
760.6 232.2 Marshallinseln
48%
510.1 329.1 Mauritius
48%
467 309.5 Mosambik
48%
418 328 Namibia
48%
680.5 241.3 Palau
48%
230.9 200.1 Puerto Rico
48%
447.8 267.7 Ruanda
48%
438 310 Sambia
48%
347 212 Senegal
48%
449.6 239.5 Südsudan
48%
459.1 282.5 Tansania
48%
383 232.4 Togo
48%
513 130.6 Turkmenistan
48%
350 179 Westsahara
48%
404 255.8 Äquatorial- Guinea
46%
223 219.2 Aruba
46%
435 336.1 Botswana
46%
638.6 246.1 Brunei
46%
377 219 Burkina Faso
46%
447.8 272.6 Burundi
46%
476.4 221.6 Dschibuti
46%
368 235.9 Elfenbeinküste
46%
466.3 209.2 Eritrea
46%
246.7 434.8 Falklandinseln
46%
782.9 320.1 Fidschi
46%
53 328 Französisch- Polynesien
46%
406.5 264 Gabun
46%
353.3 224.2 Guinea
46%
347.7 220.3 Guinea-Bissau
46%
407 247 Kamerun
46%
326.7 206.9 Kap Verde
46%
479.4 301.4 Komoren
46%
456 307 Malawi
46%
717.7 235.2 Mikronesien
46%
755 264 Nauru
46%
460 153.6 Palästina
46%
742.1 295 Salomonen
46%
354 232.9 Sierra Leone
46%
447 325 Simbabwe
46%
448.5 209.5 Sudan
46%
545.2 133.5 Tadschikistan
46%
652.9 182.1 Taiwan
46%
798.1 328.7 Tonga
46%
422.6 209.4 Tschad
46%
785 295.3 Tuvalu
46%
525 122.5 Usbekistan
46%
618.4 296.1 Weihnachtsinsel
46%
385.7 225 Benin
43%
21.6 333.2 Cookinseln
43%
706.3 215.7 Guam
43%
199 195.5 Kaiman-Inseln
43%
548 122 Kirgistan
43%
359.2 239.6 Liberia
43%
354 195.5 Mauretanien
43%
753 333 Neukaledonien
43%
456.3 143.1 Nordzypern
43%
92 342.8 Pitcairninseln
43%
416.9 260.5 Republik Kongo
43%
802.8 307.7 Samoa
43%
395.5 260.6 São Tomé und Príncipe
43%
759 318.6 Vanuatu
43%
225.2 220.3 Curaçao
41%
368.4 140.9 Gibraltar
41%
241.7 207.1 Guadeloupe
41%
375.8 96.4 Jersey
41%
709.7 203.6 Nördliche Marianen
41%
Ottawa
41%
243.2 214.6 Saint Lucia
41%
485 229 Somaliland
41%
479.6 119.1 Südossetien
41%
Washington D.C.
41%
473 116.5 Abchasien
39%
807.2 309.3 Amerikanisch- Samoa
39%
241.4 204 Antigua und Barbuda
39%
374.8 95.4 Guernsey
39%
637.5 186 Hongkong
39%
243.1 212 Martinique
39%
482.2 303.8 Mayotte
39%
506.3 331.9 Réunion
39%
804 291.8 Tokelau
39%
446.5 103 Transnistrien
39%
219.3 188.7 Turks- und Caicosinseln
39%
Bern
37%
227 220.4 Bonaire
37%
Brasília
37%
235.6 199.2 Britische Jungferninseln
37%
Buenos Aires
37%
Caracas
37%
Lima
37%
Montevideo
37%
Moskau
37%
807.9 324.1 Niue
37%
758.5 358.2 Norfolkinsel
37%
Rom
37%
Santiago
37%
790 309.6 Wallis und Futuna
37%
234.7 201.6 Amerikanische Jungferninseln
35%
238.6 200.1 Anguilla
35%
Bangkok
35%
Berlin
35%
Bogotá
35%
Brüssel
35%
Dublin
35%
Georgetown
35%
Hanoi
35%
Helsinki
35%
370.3 79.5 Isle of Man
35%
598.3 301.3 Kokosinseln
35%
Kopenhagen
35%
London
35%
636 186.5 Macau
35%
Mogadischu
35%
240.5 205.1 Montserrat
35%
Nikosia
35%
Oslo
35%
Peking
35%
Quito
35%
Reykjavík
35%
239.4 203.4 Saint Kitts und Nevis
35%
242.7 216.8 Saint Vincent und die Grenadinen
35%
Seoul
35%
Stockholm
35%
Tokio
35%
Ulaanbaatar
35%
Abu Dhabi
33%
Amman
33%
Amsterdam
33%
Andorra la Vella
33%
Ankara
33%
Astana
33%
Athen
33%
Bagdad
33%
Baku
33%
Belgrad
33%
Bratislava
33%
Budapest
33%
Bukarest
33%
Damaskus
33%
Dhaka
33%
Jerewan
33%
Jerusalem
33%
Kairo
33%
Kathmandu
33%
La Paz
33%
Lissabon
33%
Ljubljana
33%
Luanda
33%
Madrid
33%
Managua
33%
Minsk
33%
Paramaribo
33%
Paris
33%
Pjöngjang
33%
Priština
33%
Rabat
33%
Riad
33%
Riga
33%
San José
33%
Sarajevo
33%
Sofia
33%
Sucre
33%
Tallinn
33%
Teheran
33%
Tiflis
33%
Tripolis
33%
Tunis
33%
Valletta
33%
Vilnius
33%
Warschau
33%
Wien
33%
Zagreb
33%
Abuja
30%
Algier
30%
Asunción
30%
Canberra
30%
Chișinău
30%
Doha
30%
Havanna
30%
Islamabad
30%
Jakarta
30%
Kabul
30%
Kiew
30%
Kingston
30%
Kingstown
30%
Manila
30%
Maskat
30%
Nassau
30%
Phnom Penh
30%
Podgorica
30%
Port Moresby
30%
Prag
30%
238.7 200.8 Saint Martin
30%
Sanaa
30%
San Salvador
30%
Skopje
30%
Tegucigalpa
30%
Thimphu
30%
Tirana
30%
Vientiane
30%
Wellington
30%
Accra
28%
485.2 127.8 Arzach
28%
Aşgabat
28%
Bamako
28%
Bandar Seri Begawan
28%
Beirut
28%
Belmopan
28%
Bischkek
28%
Brazzaville
28%
Bridgetown
28%
Dakar
28%
Dili
28%
Gaborone
28%
Kinshasa
28%
Kuala Lumpur
28%
Majuro
28%
Manama
28%
Nairobi
28%
Naypyidaw
28%
Ngerulmud
28%
Palikir
28%
Port-au-Prince
28%
Port of Spain
28%
Pretoria
28%
Roseau
28%
Saint George's
28%
Saint John's
28%
253.8 103.8 Saint-Pierre und Miquelon
28%
Santo Domingo
28%
238.7 200.9 Sint Maarten
28%
421 8 Svalbard und Jan Mayen
28%
Taschkent
28%
Vaduz
28%
Windhoek
28%
Addis Abeba
26%
Antananarivo
26%
Apia
26%
Basseterre
26%
Castries
26%
Colombo
26%
Duschanbe
26%
Funafuti
26%
Gitega
26%
Harare
26%
Honiara
26%
Juba
26%
Kapstadt
26%
Khartum
26%
Libreville
26%
Lilongwe
26%
Mbabane
26%
Neu-Dehli
26%
Nukuʻalofa
26%
Port Louis
26%
Port Vila
26%
Suva
26%
Victoria
26%
Yaren
26%
Asmara
24%
Bissau
24%
Bloemfontein
24%
Freetown
24%
Kigali
24%
Lomé
24%
Lusaka
24%
Malabo
24%
Maputo
24%
Moroni
24%
Porto Novo
24%
239.2 201.2 Saint Barthélemy
24%
367 338 Saint Helena, Ascension und Tristan da Cunha
24%
Taipeh
24%
Tarawa
24%
408.5 120.7 Vatikanstadt
24%
Banjul
22%
Conakry
22%
Cotonou
22%
Dodoma
22%
Maseru
22%
Monrovia
22%
Niamey
22%
Praia
22%
Bangui
20%
Ouagadougou
20%
Jaunde
17%
Kampala
17%
N'Djamena
17%
Nouakchott
15%
Yamoussoukro
15%
Keine übereinstimmenden Quizze gefunden
Verteilung der Resultate
Anzahl Personen mit jedem Resultat
Perzentil nach korrekt beantworteten Fragen
Ihre Resultats-Entwicklung
Sie haben dieses Quiz noch nicht gespielt